You Can Win. (Record no. 2455)

MARC details
000 -LEADER
fixed length control field 00373nam a22001697a 4500
005 - DATE AND TIME OF LATEST TRANSACTION
control field 20210906114032.0
008 - FIXED-LENGTH DATA ELEMENTS--GENERAL INFORMATION
fixed length control field 160613b xxu||||| |||| 00| 0 eng d
020 ## - INTERNATIONAL STANDARD BOOK NUMBER
ISBN 9780333937402
041 ## - LANGUAGE CODE
Language code of text/sound track or separate title eng
082 ## - DEWEY DECIMAL CLASSIFICATION NUMBER
Item number 7034
100 ## - MAIN ENTRY--AUTHOR NAME
Personal name Khera, Shiv
245 ## - TITLE STATEMENT
Title You Can Win.
260 ## - PUBLICATION, DISTRIBUTION, ETC. (IMPRINT)
Name of publisher Mac Millan
Year of publication 1998
300 ## - PHYSICAL DESCRIPTION
Number of Pages 290
650 ## - SUBJECT ADDED ENTRY--TOPICAL TERM
Topical Term Management
942 ## - ADDED ENTRY ELEMENTS (KOHA)
Koha item type Books
Holdings
Lost status Damaged status Collection code Home library Current library Shelving location Date acquired Cost, normal purchase price Full call number Accession Number Koha item type
    LIFE SKILL JRU Library JRU Library SHELF-102-F 13/06/2016 365.00 7034 7034 Books
    LIFE SKILL JRU Library JRU Library SHELF-102-F 13/06/2016 365.00 7034 7035 Books
    LIFE SKILL JRU Library JRU Library SHELF-102-F 13/06/2016 365.00 7034 7036 Books
    PHARMACY JRU Library JRU Library SHELF-102-F 13/06/2016 365.00 7034 7037 Books
    LIFE SKILL JRU Library JRU Library SHELF-102-F 13/06/2016 365.00 7034 7038 Books